| 000 | 01634cam a22004217a 4500 | ||
|---|---|---|---|
| 001 | 000080907 | ||
| 003 | CHAP | ||
| 005 | 20220817043531.0 | ||
| 008 | 990506d1998 mx r 00110 spa d | ||
| 010 | _a77749 | ||
| 011 | _a78721 | ||
| 035 | _a88756 | ||
| 040 | _cCHAP | ||
| 090 | _aTesis | ||
| 100 | 0 | 0 |
_aGámez Aguillón, José. _948367 |
| 245 | 1 | 0 |
_aDescripción de actividades y experiencias profesionales en los eventos censales del personal de la subdirección regional de operaciones de campo del Instituto Nacional de Estadística, Geografía e Informática en el período 1990-1996 / _c/por José Gá. |
| 260 |
_aMarín, N.L. : _bEl autor, _c1998. |
||
| 300 | _a66 h. | ||
| 502 | _aTesis (Ing. Agr.) -- Universidad Autónoma de Nuevo León. Facultad de Agronomía | ||
| 590 |
_aALEPH _b10 _c20130110 _lUCH01 _h1429 |
||
| 590 |
_aBATCH-UPD _b10 _c20130110 _lUCH01 _h0430 |
||
| 590 |
_aBATCH-UPD _b10 _c20130110 _lUCH01 _h2334 |
||
| 590 |
_aBATCH-UPD _b10 _c20130410 _lUCH01 _h0105 |
||
| 590 |
_aBATCH-UPD _b10 _c20130410 _lUCH01 _h1623 |
||
| 590 |
_aBATCH-UPD _b10 _c20130914 _lUCH01 _h0909 |
||
| 590 |
_aCONVERSION _b10 _c20130109 _lUCH01 _h1343 |
||
| 590 |
_aE11695DGD _b10 _c20150721 _lUCH01 _h0957 |
||
| 650 | 1 | 4 |
_aCensos. _920990 |
| 650 | 1 | 4 |
_aInstituto Nacional de Estadística, Geografía e Informática. México _959305 |
| 650 | 1 | 4 | _aSistemas de Información Geográfica. |
| 700 | 0 |
_aEspinoza Maciel, José Francisco. _938056 |
|
| 700 | 0 |
_aMata Treviño, Jorge Eduardo. _972876 |
|
| 901 | _aBK | ||
| 905 | _aMayto Villalobos S. | ||
| 942 | _cTESIS | ||
| 942 | _n0 | ||
| 949 |
_bBC _cTES _d887561 _eTS1 _h33985 _i88756 _sb |
||
| 999 |
_c77749 _d77749 |
||